01649nam a2200361 a 4500001001200000003000800012006001900020007001500039008004100054010001700095020002800112040002100140035002000161050002500181082002000206100003300226245017300259260006200432300002300494504006400517533015200581610007200733610007300805650004300878650006200921650004200983650004301025651003001068655002901098710001701127856012601144999001701270ebr10015738CaPaEBRm u cr cn|||||||||000804s2000 utua sbc s001 0 eng  z 00010764  z0874806631 (alk. paper) aCaPaEBRcCaPaEBR a(OCoLC)7076503214aZ209.U89bS28 2000eb04a686.2/097922211 aSaunders, Richard L.,d1963-10aPrinting in Desereth[electronic resource] :bMormons, economy, politics & Utah's incunabula, 1849-1851 : a history and descriptive bibliography /cRichard L. Saunders. aSalt Lake City, Utah :bUniversity of Utah Press,cc2000. axv, 213 p. :bill. aIncludes bibliographical references (p. 200-205) and index. aElectronic reproduction.bPalo Alto, Calif. :cebrary,d2013.nAvailable via World Wide Web.nAccess may be limited to ebrary affiliated libraries.20aChurch of Jesus Christ of Latter-day SaintsxHistoryy19th century.20aChurch of Jesus Christ of Latter-day SaintsvBibliographyvCatalogs. 0aPrintingzUtahxHistoryy19th century. 0aPrintingxPolitical aspectszUtahxHistoryy19th century. 0aMormon ChurchxHistoryy19th century. 0aMormon ChurchvBibliographyvCatalogs. 0aUtahxImprintsvCatalogs. 7aElectronic books.2local2 aebrary, Inc.40uhttp://site.ebrary.com/lib/rucke/Doc?id=10015738zAn electronic book accessible through the World Wide Web; click to view c11835d11835